00340nam a2200109Ia 4500008004100000041001200041082001600053100004000069245006600109260000900175650004600184231217s9999 xx 000 0 und d aEnglish a004.35 CUL aCuller, David ESingh, Jaswinder Pal 0aParallel computer architecture : a hardware/software approach cNULL acomputer,architecture,:,hardware/software